Cinemática de Mecanismos

Bibliographic Details
Main Author: Dijksman, E.A.
Format: Section = Libro
Language:Undetermined
Spanish
Published: México Limusa 1981
Subjects:
LEADER 00574nam a2200217Ia 4500
008 240829s9999 xx 000 0 und d
020 |a 968-18-1361-8 
040 |a BIBLIOTECA-RUPAP 621.8 D575 
041 |a spa 
082 |a 621.8 D575 
100 1 |a Dijksman, E.A. 
245 1 0 |a Cinemática de Mecanismos 
260 |a México  |b Limusa  |c 1981 
300 |a 324 p. :il. 
650 7 |a INGENIERIA DE MAQUINAS 
650 7 |b  CINEMATICA DE LA MAQUINA 
650 7 |c  MOVIMIENTOS MECANICOS 
650 7 |d  CURVAS SIMETRICAS. I. Tít. 
942 |c BK  |2 ddc 
991 |a TEXTO 
999 |c 9309